| 000 | 00787nam a2200205Ia 4500 | ||
|---|---|---|---|
| 001 | 19865 | ||
| 003 | GE_BSU | ||
| 008 | 181216s||||||||xx |||||||||||||| ||und|| | ||
| 040 | _cGE_BSU | ||
| 080 | _a34 | ||
| 245 | _aსაქართველოს კანონი საავტორო და მომიჯნავე უფლებების შესახებ (03.06.2005 #1585) | ||
| 260 | _aთბილისი | ||
| 260 | _c? | ||
| 300 | _a30გვ. | ||
| 541 | _h3ლ.60თ. | ||
| 653 | _aბიბლიოთეკარი | ||
| 653 | _aსაქართველოს კანონი საავტორო და მომიჯნავე უფლებების შესახებ | ||
| 653 | _aქსეროქსი | ||
| 942 | _cBK | ||
| 999 |
_c52835 _d52835 |
||